Most racist countries - Statistics

General Stats
  • This quiz has been taken 68 times
  • The average score is 2 of 10
Answer Stats
Hint Answer % Correct
10 Israel
60%
1 Iran
56%
5 South Korea
40%
8 Romania
18%
4 Myanmar
16%
2 Belarus
14%
3 Bahrain
11%
9 Azerbaijan
9%
7 Cambodia
9%
6 El Salvador
2%
No matching quizzes found
Score Distribution
Percent of People with Each Score
Percentile by Number Answered
Your Score History
You have not taken this quiz